| 000 | 00898cab a2200277 4500 | ||
|---|---|---|---|
| 001 | WB2648-30 | ||
| 008 | 090401t1990 xxu||||| |||| 00| 0 eng d | ||
| 035 | _a(Sirsi) u40890 | ||
| 041 | _aeng | ||
| 245 | _aCoal board negligent over asbestos | ||
| 260 | _c1990 | ||
| 350 | _a0 | ||
| 490 |
_aScotsman _v30/12/90 p1 |
||
| 520 | _aA man convicted for murder has been released from prison after an asbestos -related disease contracted whilst working for the coal board gave him only months to live. The man was awarded £39,000 damages against the Board in a civil action at Glasgow Sherrif Court . | ||
| 650 | _aASBESTOSIS | ||
| 650 | _aBUILDING RELATED ILLNESS | ||
| 650 | _aCANCER | ||
| 650 | _aDISEASES | ||
| 650 | _aNATIONAL COAL BOARD | ||
| 650 | _aNEGLIGENCE | ||
| 650 | _aPLEURAL MESOTHELIOMA | ||
| 650 | _aSCOTLAND | ||
| 690 | _aLAW | ||
| 942 | _n0 | ||
| 948 | _c04/03/1997 | ||
| 999 |
_c26215 _d26215 |
||